[Event "Memorial I.Itkina 2011 B"]
[Site "Moscow, Russia"]
[Date "2011.08.19"]
[Round "1"]
[White "Burlov, Vassili"]
[Black "Dvalishvili, Pavel S"]
[Result "1/2-1/2"]
[WhiteElo "2350"]
[BlackElo "2413"]
[PlyCount "29"]
[EventDate "2011.??.??"]

1. d4 Nf6 2. c4 e6 3. Nc3 Bb4 4. e3 c5 5. Nge2 Nc6 6. a3 Bxc3+ 7. Nxc3 cxd4 8.
exd4 d5 9. c5 O-O 10. Bd3 e5 11. dxe5 Nxe5 12. O-O d4 13. Ne4 Nxd3 14. Qxd3
Nxe4 15. Qxe4 1/2-1/2

[Event "Memorial I.Itkina 2011 B"]
[Site "Moscow, Russia"]
[Date "2011.08.19"]
[Round "1"]
[White "Kanevsky, Sergei"]
[Black "Kalinichenko, Oleg"]
[Result "1/2-1/2"]
[WhiteElo "2095"]
[BlackElo "2204"]
[PlyCount "86"]
[EventDate "2011.??.??"]

1. e4 e5 2. Nf3 Nc6 3. d4 exd4 4. Nxd4 d6 5. Nc3 Nf6 6. Be2 Be7 7. Be3 O-O 8.
h3 Re8 9. Nxc6 bxc6 10. O-O Bf8 11. Bd3 Bb7 12. Qd2 c5 13. f3 Nd7 14. Rae1 Nb6
15. b3 Qd7 16. Kh1 c6 17. Qf2 a5 18. a4 Ba6 19. Bxa6 Rxa6 20. Rd1 Qe7 21. Bf4
Qf6 22. Qd2 Raa8 23. Bh2 Rad8 24. Qe3 Rd7 25. Rfe1 Rdd8 26. Rd2 d5 27. Bc7 d4
28. Qe2 Nd7 29. Bxd8 Rxd8 30. Nd1 Bd6 31. Qf2 Bf4 32. Rde2 Qe5 33. Rf1 Nf6 34.
Nb2 Be3 35. Nd3 Bxf2 36. Nxe5 Be3 37. Ng4 Nh5 38. Nxe3 Ng3+ 39. Kg1 Nxe2+ 40.
Kf2 Ng3 41. Rd1 Nh5 42. Nc4 Nf4 43. Rd2 Rc8 1/2-1/2

[Event "Memorial I.Itkina 2011 B"]
[Site "Moscow, Russia"]
[Date "2011.08.19"]
[Round "1"]
[White "Sinelnikov, Igor"]
[Black "Gansvind, Valeriya I"]
[Result "1/2-1/2"]
[WhiteElo "2209"]
[BlackElo "2222"]
[PlyCount "150"]
[EventDate "2011.??.??"]

1. e4 c5 2. Nc3 e6 3. g3 d5 4. exd5 exd5 5. d4 Nf6 6. Bg5 cxd4 7. Qxd4 Nc6 8.
Bb5 Bd7 9. Bxc6 bxc6 10. Bxf6 Qxf6 11. Qxf6 gxf6 12. O-O-O Bc5 13. Rd2 O-O 14.
Na4 Bb4 15. c3 Be7 16. b4 Rfb8 17. Nf3 a5 18. Re1 Bf8 19. Nc5 Bg4 20. Nd4 axb4
21. cxb4 Rxb4 22. Ncb3 Rc4+ 23. Rc2 Rxc2+ 24. Nxc2 Rxa2 25. Re8 Kg7 26. f4 Ra7
27. Ne3 Bd7 28. Rd8 Ba3+ 29. Kc2 Be7 30. Rb8 f5 31. Nd4 Kg6 32. Nf3 Bc5 33.
Ne5+ Kg7 34. Nf1 Be6 35. Nd2 Rc7 36. Ndf3 h6 37. Ra8 Bc8 38. Nh4 Ba7 39. h3 c5
40. Rxc8 Rxc8 41. Nxf5+ Kh7 42. Ne7 Rd8 43. N7c6 Ra8 44. Nxf7 c4 45. Nfe5 Bf2
46. g4 Ra2+ 47. Kb1 Ra3 48. Ne7 d4 49. Nxc4 Rb3+ 50. Ka2 Rxh3 51. f5 Bh4 52.
Nd5 Rg3 53. Ne5 Bg5 54. f6 Rg2+ 55. Kb3 Re2 56. Nd7 Rf2 57. Kc4 Kg8 58. Kxd4
Rf1 59. Ke4 Rf2 60. Ke5 Kf7 61. Ke4 Ke6 62. Nc5+ Kd6 63. Nd3 Rf1 64. N3f4 Re1+
65. Kf5 Rf1 66. f7 Be7 67. Kg6 Bf8 68. Kh7 Kd7 69. Kg8 Ba3 70. Kg7 Bd6 71. Nf6+
Kc6 72. Ne6 Be7 73. f8=Q Bxf8+ 74. Nxf8 Rf2 75. Kg6 Kd6 1/2-1/2

[Event "Memorial I.Itkina 2011 B"]
[Site "Moscow, Russia"]
[Date "2011.08.19"]
[Round "1"]
[White "Granovskiy, Alexandr"]
[Black "Demidov, Mikhail"]
[Result "0-1"]
[WhiteElo "2288"]
[BlackElo "2404"]
[PlyCount "109"]
[EventDate "2011.??.??"]

1. e4 e6 2. d4 d5 3. Nc3 Nf6 4. Bg5 Be7 5. e5 Nfd7 6. Bxe7 Qxe7 7. Qg4 g6 8.
O-O-O a6 9. f4 Nc6 10. Nf3 Nb6 11. Qg5 Qxg5 12. fxg5 Bd7 13. Rd2 h6 14. gxh6
Rxh6 15. Nd1 Ne7 16. Ne3 Nf5 17. Ng4 Rh8 18. Bd3 Bb5 19. Bxf5 gxf5 20. Nf6+ Ke7
21. h4 Nd7 22. Nxd7 Bxd7 23. Rdd1 Bb5 24. Kd2 Rag8 25. Ng5 b6 26. g3 c5 27. c3
Rc8 28. b3 a5 29. Rc1 Bd7 30. Ke3 a4 31. b4 a3 32. Nf3 Rhg8 33. h5 Rh8 34. bxc5
bxc5 35. Rb1 cxd4+ 36. cxd4 Rc3+ 37. Kf4 Rc2 38. h6 Rxa2 39. h7 Re2 40. Rhe1
Rxe1 41. Rxe1 Rxh7 42. Ra1 Rg7 43. Ng5 f6 44. exf6+ Kxf6 45. Nf3 Rg4+ 46. Ke3
Rxg3 47. Rxa3 Be8 48. Kf2 f4 49. Ra8 Bh5 50. Ne5 Kf5 51. Nd7 Rf3+ 52. Kg2 Rd3
53. Rf8+ Kg5 54. Rg8+ Kh4 55. Nc5 0-1

[Event "Memorial I.Itkina 2011 B"]
[Site "Moscow, Russia"]
[Date "2011.08.19"]
[Round "1"]
[White "Erzhanov, Arman"]
[Black "Dragomarezkij, Evgeni"]
[Result "1/2-1/2"]
[WhiteElo "2320"]
[BlackElo "2399"]
[PlyCount "27"]
[EventDate "2011.??.??"]

1. e4 e5 2. Nf3 Nf6 3. Nxe5 d6 4. Nf3 Nxe4 5. d4 Bg4 6. h3 Qe7 7. Be3 Bf5 8.
Bd3 Ng3 9. Rg1 Nc6 10. Nc3 O-O-O 11. Nd5 Qe6 12. Nf4 Qe7 13. Nd5 Qe6 14. Nf4
1/2-1/2

[Event "Memorial I.Itkina 2011 B"]
[Site "Moscow, Russia"]
[Date "2011.08.21"]
[Round "2"]
[White "Dvalishvili, Pavel S"]
[Black "Demidov, Mikhail"]
[Result "1/2-1/2"]
[WhiteElo "2413"]
[BlackElo "2404"]
[PlyCount "86"]
[EventDate "2011.??.??"]

1. c4 e6 2. d4 d5 3. Nf3 Nf6 4. cxd5 exd5 5. Qc2 c6 6. Bg5 Be7 7. e3 Nbd7 8.
Bd3 Nh5 9. Bxe7 Qxe7 10. O-O g6 11. Nbd2 O-O 12. Rfe1 Ndf6 13. Qc5 Qxc5 14.
dxc5 Ng7 15. Nd4 Ne6 16. b4 Bd7 17. N2b3 Rab8 18. a3 Rfc8 19. f3 Rc7 20. Kf2 h5
21. Nxe6 Bxe6 22. Nd4 Re8 23. h3 Bd7 24. g4 hxg4 25. hxg4 Bc8 26. g5 Nh7 27. f4
Kg7 28. Ke2 Rce7 29. Kd2 a6 30. Re2 Bg4 31. Rg2 Bd7 32. Rg3 Ra8 33. a4 Rh8 34.
Rh1 Nf8 35. Rxh8 Kxh8 36. Rg1 Kg7 37. a5 Kg8 38. Re1 Kg7 39. e4 dxe4 40. Rxe4
Rxe4 41. Bxe4 Bc8 42. Ke3 f6 43. Bd3 Nh7 1/2-1/2

[Event "Memorial I.Itkina 2011 B"]
[Site "Moscow, Russia"]
[Date "2011.08.21"]
[Round "2"]
[White "Dragomarezkij, Evgeni"]
[Black "Granovskiy, Alexandr"]
[Result "1/2-1/2"]
[WhiteElo "2399"]
[BlackElo "2288"]
[PlyCount "20"]
[EventDate "2011.??.??"]

1. e4 d5 2. exd5 Qxd5 3. Nc3 Qa5 4. d4 Nf6 5. Nf3 Bf5 6. Bc4 c6 7. O-O e6 8.
Bg5 Nbd7 9. Re1 Be7 10. Qe2 O-O 1/2-1/2

[Event "Memorial I.Itkina 2011 B"]
[Site "Moscow, Russia"]
[Date "2011.08.21"]
[Round "2"]
[White "Burlov, Vassili"]
[Black "Kanevsky, Sergei"]
[Result "1/2-1/2"]
[WhiteElo "2350"]
[BlackElo "2095"]
[PlyCount "88"]
[EventDate "2011.??.??"]

1. d4 e6 2. Nf3 d5 3. c4 Nf6 4. Nc3 c6 5. cxd5 exd5 6. Bg5 Nbd7 7. e3 Be7 8.
Bd3 O-O 9. Qc2 Re8 10. O-O Nf8 11. Rab1 Ne4 12. Bxe7 Qxe7 13. b4 a6 14. a4 Ng6
15. b5 axb5 16. axb5 Bg4 17. Nd2 f5 18. bxc6 bxc6 19. Rbe1 Qg5 20. f4 Qf6 21.
Bxe4 fxe4 22. Nb3 Nh4 23. Nc5 Reb8 24. Rb1 Qg6 25. Rxb8+ Rxb8 26. Kh1 Ra8 27.
N3a4 h6 28. Qf2 Qh5 29. Qg3 Nf5 30. Qf2 Nh4 31. Rb1 Be2 32. Nc3 Bg4 33. Kg1 Rf8
34. Rc1 Rf6 35. N3xe4 dxe4 36. Nxe4 Rg6 37. Ng3 Qd5 38. e4 Qb3 39. f5 Rg5 40.
Qd2 Bh3 41. Rc3 Qb1+ 42. Rc1 Qb3 43. Rc3 Qb1+ 44. Rc1 Qb3 1/2-1/2

[Event "Memorial I.Itkina 2011 B"]
[Site "Moscow, Russia"]
[Date "2011.08.21"]
[Round "2"]
[White "Gansvind, Valeriya I"]
[Black "Erzhanov, Arman"]
[Result "0-1"]
[WhiteElo "2222"]
[BlackElo "2320"]
[PlyCount "72"]
[EventDate "2011.??.??"]

1. d4 d6 2. Nf3 Bg4 3. e3 Nd7 4. h3 Bh5 5. Be2 c6 6. b3 Ngf6 7. Nbd2 Qc7 8. Bb2
e5 9. dxe5 dxe5 10. Nh4 Bg6 11. Nxg6 hxg6 12. Bf3 Rd8 13. Qe2 Nc5 14. g3 Qa5
15. O-O-O Qxa2 16. Nc4 Nfd7 17. Nd6+ Bxd6 18. Rxd6 Ke7 19. Rhd1 Qa5 20. Bg4 Nf6
21. Rxd8 Rxd8 22. Rxd8 Kxd8 23. Qd1+ Ke7 24. Bf3 Nfe4 25. Bxe4 Nxe4 26. Qe2 f6
27. g4 Qd5 28. c4 Qa5 29. f4 Qb4 30. fxe5 Qxb3 31. exf6+ gxf6 32. h4 Ng3 33.
Qf2 Qxc4+ 34. Kb1 Ne4 35. Qf4 Nd2+ 36. Ka1 Qa6+ 0-1

[Event "Memorial I.Itkina 2011 B"]
[Site "Moscow, Russia"]
[Date "2011.08.23"]
[Round "3"]
[White "Sinelnikov, Igor"]
[Black "Burlov, Vassili"]
[Result "0-1"]
[WhiteElo "2209"]
[BlackElo "2350"]
[PlyCount "84"]
[EventDate "2011.??.??"]

1. e4 c5 2. Nc3 Nc6 3. g3 d6 4. Bg2 g6 5. Nge2 Bg7 6. O-O e6 7. d3 Nge7 8. Be3
Nd4 9. Qd2 O-O 10. Nd1 b6 11. f4 Bb7 12. c3 Nxe2+ 13. Qxe2 Qd7 14. Nf2 f5 15.
g4 Rae8 16. Rad1 e5 17. fxe5 f4 18. Bc1 dxe5 19. g5 Nc6 20. h4 Qe7 21. Ng4 Rd8
22. b3 Ba6 23. Rf3 Rd6 24. Bb2 Rfd8 25. Bf1 Bb5 26. Qh2 a5 27. a4 Ba6 28. Rh3
Qe6 29. Qe2 Qxb3 30. h5 Bc8 31. Rd2 Qe6 32. Rh4 Qe7 33. Qh2 gxh5 34. Nf6+ Bxf6
35. gxf6 Rxf6 36. Rxh5 Rg6+ 37. Rg2 Rdd6 38. d4 Rxg2+ 39. Kxg2 Rg6+ 40. Kh1 Bg4
41. Qh4 Bxh5 42. Qxh5 Qg7 0-1

[Event "Memorial I.Itkina 2011 B"]
[Site "Moscow, Russia"]
[Date "2011.08.23"]
[Round "3"]
[White "Granovskiy, Alexandr"]
[Black "Gansvind, Valeriya I"]
[Result "1-0"]
[WhiteElo "2288"]
[BlackElo "2222"]
[PlyCount "121"]
[EventDate "2011.??.??"]

1. d4 g6 2. e4 d6 3. Nc3 Bg7 4. Be3 c6 5. Qd2 b5 6. f3 a6 7. h4 Nd7 8. h5 gxh5
9. O-O-O Bb7 10. Nce2 Qc7 11. Ng3 h4 12. Nh5 Bf8 13. Rxh4 Ngf6 14. Nh3 Nxh5 15.
Rxh5 Nf6 16. Rh4 O-O-O 17. g4 Bg7 18. g5 Nd7 19. Nf4 c5 20. d5 Ne5 21. Rh3 Rdg8
22. Nh5 Bf8 23. Be2 Kb8 24. Rdh1 Bc8 25. R3h2 b4 26. Kb1 Qd8 27. Ng3 f6 28. f4
Nd7 29. g6 Rxg6 30. Nf5 Nb6 31. Nh4 Rgg8 32. f5 Bg7 33. Ng2 Nd7 34. Nf4 Ne5 35.
Ne6 Bxe6 36. dxe6 Qb6 37. Bf4 Qc6 38. Qe3 h6 39. Rg1 Bf8 40. Rhg2 Rxg2 41. Rxg2
h5 42. Bxe5 fxe5 43. Bc4 h4 44. Qf3 h3 45. Rh2 Bg7 46. b3 Bf6 47. a4 bxa3 48.
Ka2 Rh4 49. Bd5 Qe8 50. Rxh3 Rxh3 51. Qxh3 Qh8 52. Qc3 Qd8 53. Bc4 Ka7 54. Qd3
Qb6 55. Qg3 Qd8 56. Kxa3 Qb8 57. Qe1 Qb6 58. Qa1 Bg5 59. Kb2 Qd8 60. Qa4 a5 61.
Qd7+ 1-0

[Event "Memorial I.Itkina 2011 B"]
[Site "Moscow, Russia"]
[Date "2011.08.23"]
[Round "3"]
[White "Demidov, Mikhail"]
[Black "Dragomarezkij, Evgeni"]
[Result "1/2-1/2"]
[WhiteElo "2404"]
[BlackElo "2399"]
[PlyCount "67"]
[EventDate "2011.??.??"]

1. Nf3 c5 2. e4 e6 3. c3 d5 4. e5 Bd7 5. d4 Qb6 6. a3 cxd4 7. cxd4 Bb5 8. Bxb5+
Qxb5 9. Nc3 Qa6 10. Be3 Ne7 11. Qe2 Qxe2+ 12. Kxe2 Kd7 13. Ng5 f6 14. Nf7 Rg8
15. g4 Nbc6 16. f4 Nd8 17. Nxd8 Rxd8 18. Rac1 Nc6 19. Rhf1 Be7 20. h3 Rdf8 21.
exf6 Rxf6 22. f5 Rgf8 23. Kd3 exf5 24. Nxd5 R6f7 25. Rxf5 Rxf5 26. gxf5 Rxf5
27. Ke4 g6 28. Nxe7 Nxe7 29. Bf4 Nd5 30. Be5 Nf6+ 31. Ke3 Nd5+ 32. Ke4 Nf6+ 33.
Ke3 Nd5+ 34. Ke4 1/2-1/2

[Event "Memorial I.Itkina 2011 B"]
[Site "Moscow, Russia"]
[Date "2011.08.23"]
[Round "3"]
[White "Kanevsky, Sergei"]
[Black "Dvalishvili, Pavel S"]
[Result "1/2-1/2"]
[WhiteElo "2095"]
[BlackElo "2413"]
[PlyCount "55"]
[EventDate "2011.??.??"]

1. e4 c5 2. Nf3 e6 3. d4 cxd4 4. Nxd4 a6 5. c4 Nf6 6. Nc3 Bb4 7. Bd3 Bxc3+ 8.
bxc3 d6 9. O-O Nbd7 10. f4 Qc7 11. Qe1 Nc5 12. Bc2 e5 13. Nf3 Be6 14. Qe2 Ncd7
15. Bd3 exf4 16. Bxf4 Ne5 17. Nd4 Bg4 18. Qe3 Nh5 19. Bxe5 dxe5 20. Qg5 exd4
21. Qxg4 Nf4 22. Rad1 O-O 23. cxd4 Nxd3 24. Rxd3 Qxc4 25. Qe2 Rfd8 26. Qd2 Rac8
27. h3 g6 28. Kh1 1/2-1/2

[Event "Memorial I.Itkina 2011 B"]
[Site "Moscow, Russia"]
[Date "2011.08.23"]
[Round "3"]
[White "Erzhanov, Arman"]
[Black "Kalinichenko, Oleg"]
[Result "1-0"]
[WhiteElo "2320"]
[BlackElo "2204"]
[PlyCount "85"]
[EventDate "2011.??.??"]

1. e4 e5 2. Nf3 Nf6 3. d4 exd4 4. Nxd4 d6 5. Nc3 Nc6 6. Bb5 Bd7 7. Bxc6 bxc6 8.
Qf3 c5 9. Nf5 Bxf5 10. exf5 Rb8 11. b3 Be7 12. Bb2 O-O 13. O-O-O Nd7 14. Nd5
Bg5+ 15. Kb1 c6 16. h4 Bh6 17. Nc3 d5 18. g4 f6 19. Qg3 Rb4 20. Ba3 Bf4 21. Qf3
Be5 22. Nxd5 Rd4 23. Ne3 Qa5 24. Bb2 Rxd1+ 25. Rxd1 Bxb2 26. Kxb2 Ne5 27. Qe4
Qb4 28. c4 Qb6 29. f4 Nf7 30. g5 fxg5 31. hxg5 Qc7 32. f6 Rd8 33. g6 hxg6 34.
Qxg6 Nd6 35. Rxd6 Rxd6 36. Qe8+ Kh7 37. f7 Rd8 38. f8=Q Rxe8 39. Qxe8 Qxf4 40.
Qh5+ Kg8 41. Qxc5 g5 42. Qxa7 g4 43. Qa8+ 1-0

[Event "Memorial I.Itkina 2011 B"]
[Site "Moscow, Russia"]
[Date "2011.08.24"]
[Round "4"]
[White "Gansvind, Valeriya I"]
[Black "Demidov, Mikhail"]
[Result "1/2-1/2"]
[WhiteElo "2222"]
[BlackElo "2404"]
[PlyCount "98"]
[EventDate "2011.??.??"]

1. d4 Nf6 2. Bg5 Ne4 3. Bf4 c5 4. f3 Qa5+ 5. c3 Nf6 6. Nd2 cxd4 7. Nb3 Qb6 8.
Qxd4 Nc6 9. Qxb6 axb6 10. e4 d5 11. Be3 dxe4 12. Bxb6 e5 13. Bc4 Be7 14. fxe4
Nxe4 15. Nf3 f6 16. O-O Nd6 17. Bd5 Bd8 18. Bxd8 Kxd8 19. Nc5 Kc7 20. Ne6+ Bxe6
21. Bxe6 Rhe8 22. Bd5 e4 23. Ne1 Re5 24. Bxc6 bxc6 25. Nc2 f5 26. g3 Rea5 27.
a3 Nc4 28. b4 Rd5 29. Nd4 g6 30. a4 Kb7 31. Rf2 Ne5 32. Rfa2 Nd3 33. Nb3 h5 34.
Na5+ Kc7 35. Nc4 Rf8 36. a5 Ne5 37. Nxe5 Rxe5 38. c4 Kb7 39. Kf2 g5 40. Rb1 Ka6
41. Rab2 e3+ 42. Ke2 Rb8 43. Rd1 Re4 44. b5+ cxb5 45. cxb5+ Kxa5 46. Rd6 Rxb5
47. Rxb5+ Kxb5 48. Rd5+ Kc4 49. Rxf5 h4 1/2-1/2

[Event "Memorial I.Itkina 2011 B"]
[Site "Moscow, Russia"]
[Date "2011.08.24"]
[Round "4"]
[White "Kalinichenko, Oleg"]
[Black "Granovskiy, Alexandr"]
[Result "1/2-1/2"]
[WhiteElo "2204"]
[BlackElo "2288"]
[PlyCount "90"]
[EventDate "2011.??.??"]

1. e4 c5 2. Nf3 d6 3. Bb5+ Nc6 4. O-O Bd7 5. c3 Nf6 6. Re1 a6 7. Ba4 b5 8. Bc2
Bg4 9. d3 g6 10. h3 Bxf3 11. Qxf3 Bg7 12. Be3 Nd7 13. Qd1 Qb6 14. Nd2 O-O 15.
Nf3 Nde5 16. Nxe5 Nxe5 17. Qd2 Rab8 18. Bh6 Bxh6 19. Qxh6 b4 20. f4 Nxd3 21.
Bxd3 c4+ 22. Kh2 cxd3 23. Qh4 bxc3 24. bxc3 Qc7 25. Rad1 Rb2 26. Rxd3 Rfb8 27.
f5 Rc2 28. f6 Rbb2 29. Rg3 exf6 30. Qxf6 Rf2 31. Qg5 Rxa2 32. Rd1 a5 33. Qd5
Rae2 34. Rd4 Qc5 35. Qxc5 dxc5 36. Rc4 Ra2 37. Rxc5 a4 38. Ra5 Ra1 39. c4 Rc2
40. c5 Rc4 41. Re3 Rd1 42. e5 Rd5 43. Ra8+ Kg7 44. Ra7 Rdxc5 45. e6 Rc3 1/2-1/2

[Event "Memorial I.Itkina 2011 B"]
[Site "Moscow, Russia"]
[Date "2011.08.24"]
[Round "4"]
[White "Burlov, Vassili"]
[Black "Erzhanov, Arman"]
[Result "1/2-1/2"]
[WhiteElo "2350"]
[BlackElo "2320"]
[PlyCount "40"]
[EventDate "2011.??.??"]

1. d4 d6 2. e4 Nf6 3. Nc3 e5 4. Nf3 Nbd7 5. Bc4 Be7 6. O-O O-O 7. Re1 a6 8. a4
b6 9. b3 Bb7 10. Bb2 c6 11. d5 c5 12. Nd2 g6 13. Nf1 Kh8 14. f4 exf4 15. Qf3
Ne5 16. Qxf4 Nfd7 17. Ng3 Bg5 18. Qf2 Be7 19. Qf4 Bg5 20. Qf2 Be7 1/2-1/2

[Event "Memorial I.Itkina 2011 B"]
[Site "Moscow, Russia"]
[Date "2011.08.24"]
[Round "4"]
[White "Kanevsky, Sergei"]
[Black "Sinelnikov, Igor"]
[Result "1-0"]
[WhiteElo "2095"]
[BlackElo "2209"]
[PlyCount "55"]
[EventDate "2011.??.??"]

1. e4 d6 2. d4 g6 3. f4 Bg7 4. Nf3 Nf6 5. Nc3 O-O 6. Bd3 Bg4 7. h3 Bxf3 8. Qxf3
Nc6 9. Be3 e5 10. dxe5 dxe5 11. f5 Nd4 12. Qf2 c5 13. g4 h5 14. g5 c4 15. gxf6
Bxf6 16. O-O-O cxd3 17. Rxd3 Rc8 18. Kb1 Bh4 19. Qd2 b5 20. Bxd4 exd4 21. Nd5
Bg5 22. Qb4 gxf5 23. Qxd4 fxe4 24. Rg3 f6 25. Rhg1 Kf7 26. Qxe4 Rh8 27. Rxg5
fxg5 28. Qf5+ 1-0

[Event "Memorial I.Itkina 2011 B"]
[Site "Moscow, Russia"]
[Date "2011.08.24"]
[Round "4"]
[White "Dvalishvili, Pavel S"]
[Black "Dragomarezkij, Evgeni"]
[Result "1/2-1/2"]
[WhiteElo "2413"]
[BlackElo "2399"]
[PlyCount "20"]
[EventDate "2011.??.??"]

1. e4 c6 2. d4 d5 3. exd5 cxd5 4. c4 e6 5. Nc3 Nf6 6. Nf3 Be7 7. cxd5 exd5 8.
Bg5 O-O 9. Be2 Ne4 10. Bxe7 Qxe7 1/2-1/2

[Event "Memorial I.Itkina 2011 B"]
[Site "Moscow, Russia"]
[Date "2011.08.27"]
[Round "6"]
[White "Dvalishvili, Pavel S"]
[Black "Gansvind, Valeriya I"]
[Result "1/2-1/2"]
[WhiteElo "2413"]
[BlackElo "2222"]
[PlyCount "21"]
[EventDate "2011.??.??"]

1. Nf3 g6 2. d4 Bg7 3. c4 d6 4. Nc3 c6 5. e4 Bg4 6. Be2 Bxf3 7. Bxf3 Qb6 8. d5
Nf6 9. O-O O-O 10. Qc2 Qc7 11. Be3 1/2-1/2

[Event "Memorial I.Itkina 2011 B"]
[Site "Moscow, Russia"]
[Date "2011.08.27"]
[Round "6"]
[White "Kalinichenko, Oleg"]
[Black "Dragomarezkij, Evgeni"]
[Result "0-1"]
[WhiteElo "2204"]
[BlackElo "2399"]
[PlyCount "196"]
[EventDate "2011.??.??"]

1. e4 c5 2. Nf3 e6 3. d4 cxd4 4. Nxd4 a6 5. g3 Nf6 6. Bg2 Be7 7. Nc3 d6 8. O-O
Bd7 9. Re1 Nc6 10. a4 O-O 11. h3 Rc8 12. Kh2 h6 13. Nb3 Na5 14. Nxa5 Qxa5 15.
Be3 Qb4 16. Ra3 Qa5 17. Ra1 Rc7 18. Qd2 Qh5 19. Qd1 Qa5 20. Qd2 Kh8 21. Bf1 Rc6
22. Bd3 Rfc8 23. Kg2 Bf8 24. Ne2 Qxd2 25. Bxd2 Rb8 26. Bc3 e5 27. f4 Re8 28.
Ng1 Nh5 29. Rf1 Kg8 30. a5 Rcc8 31. fxe5 dxe5 32. Nf3 Bd6 33. Rad1 Re6 34. Kh2
Nf6 35. Nh4 Bb5 36. Nf5 Bxd3 37. cxd3 Rc5 38. Ne3 Rb5 39. Nc4 Bb4 40. Rc1 Nd7
41. Rfd1 Nc5 42. Ra1 f6 43. Kg2 Rc6 44. Na3 Bxa3 45. Rxa3 Rd6 46. Raa1 Rxd3 47.
Re1 Kf7 48. Kf2 Ke6 49. Re3 Rd7 50. Re2 Nb3 51. Ra4 Nc1 52. Rc2 Nd3+ 53. Ke2
Nc5 54. Rc4 Nb3 55. Ra4 Nd4+ 56. Bxd4 exd4 57. Ra3 Rxa5 58. Rxa5 d3+ 59. Kd2
dxc2+ 60. Kxc2 Rd4 61. Rc5 Kd6 62. Rc8 Rxe4 63. Rg8 Re7 64. Kd3 Ke5 65. Rb8 Rc7
66. Ke3 Rd7 67. Re8+ Kf5 68. Rb8 h5 69. Rh8 Kg5 70. Rb8 h4 71. g4 g6 72. b4 Rc7
73. Kf3 Rc3+ 74. Kg2 Rg3+ 75. Kh2 b5 76. Rd8 Rb3 77. Rd4 Rb2+ 78. Kg1 f5 79.
Kh1 Ra2 80. Kg1 Ra4 81. gxf5 gxf5 82. Rd6 Kf4 83. Rd4+ Kf3 84. Rd3+ Ke4 85. Rb3
Ra1+ 86. Kg2 Ra2+ 87. Kg1 f4 88. Rc3 Ra4 89. Rc6 Ra3 90. Kh2 f3 91. Rh6 Ra2+
92. Kg1 Ke3 93. Re6+ Kf4 94. Re8 Kg3 95. Rg8+ Kxh3 96. Kf1 Rb2 97. Rg6 Rxb4 98.
Rxa6 Kg3 0-1

[Event "Memorial I.Itkina 2011 B"]
[Site "Moscow, Russia"]
[Date "2011.08.27"]
[Round "6"]
[White "Burlov, Vassili"]
[Black "Demidov, Mikhail"]
[Result "1/2-1/2"]
[WhiteElo "2350"]
[BlackElo "2404"]
[PlyCount "122"]
[EventDate "2011.??.??"]

1. d4 Nc6 2. Nf3 d5 3. c4 Bg4 4. cxd5 Bxf3 5. dxc6 Bxc6 6. Nc3 Nf6 7. f3 e6 8.
e4 Be7 9. Be3 a6 10. Be2 O-O 11. Qc2 b5 12. O-O Bb7 13. a4 b4 14. Na2 Qb8 15.
Nc1 Nd7 16. Nb3 a5 17. Rfc1 Rc8 18. Bb5 c6 19. Bd3 e5 20. Rd1 Rd8 21. Rd2 exd4
22. Nxd4 Bd6 23. Nxc6 Bxh2+ 24. Kh1 Bxc6 25. Qxc6 Qc7 26. Rc1 Qxc6 27. Rxc6 Bg3
28. Ra6 Rxa6 29. Bxa6 Bc7 30. Rc2 Bb6 31. Bxb6 Nxb6 32. b3 Kf8 33. Rc6 Rd1+ 34.
Kh2 Nd7 35. Bb5 Ne5 36. Rc8+ Ke7 37. f4 Ng4+ 38. Kg3 f5 39. Rc7+ Kf8 40. e5 Re1
41. Bc4 Re3+ 42. Kh4 Re4 43. Rf7+ Ke8 44. Rxg7 Nxe5 45. Bb5+ Kf8 46. Rxh7 Rxf4+
47. Kg5 Rf2 48. Ra7 f4 49. Rxa5 Ke7 50. Kf5 Kd6 51. Ra8 f3 52. gxf3 Nxf3 53.
Ke4 Ng5+ 54. Kd3 Rf3+ 55. Kd2 Rf2+ 56. Kc1 Ne4 57. Rd8+ Kc5 58. Rc8+ Kb6 59.
Rc6+ Kb7 60. Rc4 Nc3 61. Bc6+ Ka7 1/2-1/2

[Event "Memorial I.Itkina 2011 B"]
[Site "Moscow, Russia"]
[Date "2011.08.27"]
[Round "6"]
[White "Kanevsky, Sergei"]
[Black "Granovskiy, Alexandr"]
[Result "1/2-1/2"]
[WhiteElo "2095"]
[BlackElo "2288"]
[PlyCount "102"]
[EventDate "2011.??.??"]

1. e4 c5 2. Nf3 d6 3. d4 cxd4 4. Nxd4 Nf6 5. Nc3 a6 6. Bc4 Nbd7 7. Bb3 Nc5 8.
f3 e6 9. Be3 Be7 10. Qd2 O-O 11. O-O-O Qc7 12. Kb1 b5 13. a3 Rb8 14. g4 Nxb3
15. cxb3 Bd7 16. g5 Ne8 17. Rc1 Qb7 18. Nd1 e5 19. Nc2 Nc7 20. Re1 Rfd8 21. Nb4
a5 22. Nd5 Nxd5 23. exd5 b4 24. a4 Bf5+ 25. Ka2 Rdc8 26. Nf2 Rxc1 27. Rxc1 Rc8
28. Rxc8+ Qxc8 29. Ne4 Qb7 30. h4 g6 31. Qd3 Bd7 32. Nd2 Bd8 33. Nc4 Bc7 34.
Qd2 Bf5 35. Bf2 Qa6 36. f4 exf4 37. Qxf4 Qa8 38. Qd4 Qe8 39. Ne3 Bd7 40. Ng4
Bxg4 41. Qxg4 Qd8 42. Bd4 Bb6 43. Bf6 Qf8 44. Qd7 Qb8 45. Be7 Bc7 46. Bf6 Bb6
47. Qc6 Kf8 48. Qd7 Bc7 49. Qe7+ Kg8 50. Qd7 Kf8 51. Qe7+ Kg8 1/2-1/2

[Event "Memorial I.Itkina 2011 B"]
[Site "Moscow, Russia"]
[Date "2011.08.27"]
[Round "6"]
[White "Sinelnikov, Igor"]
[Black "Erzhanov, Arman"]
[Result "0-1"]
[WhiteElo "2209"]
[BlackElo "2320"]
[PlyCount "88"]
[EventDate "2011.??.??"]

1. e4 c5 2. Nc3 Nc6 3. g3 g6 4. Bg2 Bg7 5. Nge2 d6 6. O-O e5 7. d3 Nge7 8. Be3
O-O 9. Qd2 Nd4 10. f4 Be6 11. Kh1 Qd7 12. Ng1 exf4 13. gxf4 d5 14. e5 f6 15.
exf6 Bxf6 16. Rae1 Rae8 17. Bf2 Nef5 18. Nd1 Qd6 19. c3 Nc6 20. Nf3 d4 21. c4
Bd7 22. Rxe8 Rxe8 23. Re1 Rxe1+ 24. Bxe1 Qe7 25. Kg1 Ne3 26. Nxe3 dxe3 27. Qc2
Bg4 28. b3 Bxf3 29. Bxf3 Nd4 30. Qg2 Bh4 31. Kf1 Bxe1 32. Kxe1 Qh4+ 33. Kd1
Qxf4 34. Be2 Qf2 35. Qxf2 exf2 36. Bf1 Nf3 37. h3 Nh2 38. Ke2 Nxf1 39. Kxf1 Kf7
40. Kxf2 Kf6 41. Kf3 Kf5 42. Ke3 Ke5 43. Ke2 Kd4 44. Kd2 g5 0-1

[Event "Memorial I.Itkina 2011 B"]
[Site "Moscow, Russia"]
[Date "2011.08.28"]
[Round "7"]
[White "Erzhanov, Arman"]
[Black "Dvalishvili, Pavel S"]
[Result "1/2-1/2"]
[WhiteElo "2320"]
[BlackElo "2413"]
[PlyCount "20"]
[EventDate "2011.??.??"]

1. e4 e5 2. Nf3 Nf6 3. Nc3 Nc6 4. Bb5 Bc5 5. O-O Nd4 6. Nxd4 Bxd4 7. d3 c6 8.
Ba4 d6 9. Be3 Bxe3 10. fxe3 O-O 1/2-1/2

[Event "Memorial I.Itkina 2011 B"]
[Site "Moscow, Russia"]
[Date "2011.08.28"]
[Round "7"]
[White "Granovskiy, Alexandr"]
[Black "Sinelnikov, Igor"]
[Result "1-0"]
[WhiteElo "2288"]
[BlackElo "2209"]
[PlyCount "111"]
[EventDate "2011.??.??"]

1. d4 g6 2. e4 Bg7 3. Nc3 d6 4. Be3 Nf6 5. f3 O-O 6. Qd2 e5 7. Nge2 exd4 8.
Nxd4 Nc6 9. O-O-O Re8 10. Bb5 Bd7 11. h4 h5 12. Nxc6 bxc6 13. Bc4 Qe7 14. Bf4
Rab8 15. Bb3 Be6 16. Rhe1 d5 17. Bg5 Qf8 18. Qf4 Nd7 19. exd5 cxd5 20. Nxd5
Bxd5 21. Rxe8 Qxe8 22. Rxd5 Nc5 23. Qe3 Nxb3+ 24. axb3 Qc6 25. Qd3 Qe6 26. Rd8+
Kh7 27. Qe4 Rb6 28. Qxe6 Rxe6 29. c3 Re1+ 30. Rd1 Re2 31. Rd2 Re1+ 32. Kc2 Be5
33. Kd3 f6 34. Be3 a6 35. f4 Bd6 36. b4 Kg7 37. Re2 Rh1 38. g3 Kf7 39. Bc5 Rh3
40. Re3 Rh1 41. Kc4 Rd1 42. Rd3 Rxd3 43. Kxd3 Ke6 44. Ke4 c6 45. Bxd6 Kxd6 46.
f5 g5 47. Kd4 Kd7 48. Kc5 Kc7 49. c4 Kd7 50. b5 cxb5 51. cxb5 axb5 52. b4 gxh4
53. gxh4 Kc7 54. Kxb5 Kd6 55. Kc4 Kc6 56. b5+ 1-0

[Event "Memorial I.Itkina 2011 B"]
[Site "Moscow, Russia"]
[Date "2011.08.28"]
[Round "7"]
[White "Demidov, Mikhail"]
[Black "Kanevsky, Sergei"]
[Result "1-0"]
[WhiteElo "2404"]
[BlackElo "2095"]
[PlyCount "81"]
[EventDate "2011.??.??"]

1. Nf3 f5 2. d3 Nf6 3. e4 d6 4. Nc3 e5 5. exf5 Bxf5 6. d4 exd4 7. Nxd4 Bd7 8.
Bc4 Qe7+ 9. Be3 Nc6 10. Nxc6 Bxc6 11. O-O O-O-O 12. Bd4 Kb8 13. Re1 Qd7 14. Be6
Qe8 15. Bd5 Qd7 16. Bxc6 Qxc6 17. Bxf6 gxf6 18. Nd5 Rg8 19. Qd3 Rg5 20. Rad1 a6
21. g3 Bg7 22. f4 Rh5 23. Re7 Rg8 24. c4 Bf8 25. Re2 Bg7 26. b3 Re8 27. Rde1
Rxe2 28. Qxe2 Rxd5 29. Qe8+ Ka7 30. Qxc6 bxc6 31. cxd5 f5 32. dxc6 Kb6 33. Re7
Bc3 34. Rxh7 Kxc6 35. h4 d5 36. Kf2 Kd6 37. Rh6+ Kc5 38. Rxa6 Kd4 39. Rc6 Ba5
40. h5 Ke4 41. h6 1-0